[Event "BRA-ch Amateur U1600"]
[Site "Sao Paulo"]
[Date "2022.06.18"]
[Round "5"]
[White "Crismanis Teles, Jose Henrique"]
[Black "Roeder, Guilherme Henrique"]
[Result "1-0"]
[WhiteElo "1163"]
[BlackElo "1736"]
[PlyCount "29"]
[EventDate "2022.06.16"]
[EventType "swiss"]
[EventRounds "7"]
[EventCountry "BRA"]
[SourceTitle "CBM 208 Extra"]
[Source "ChessBase"]
[SourceDate "2022.07.31"]
[SourceVersion "1"]
[SourceVersionDate "2022.07.31"]
[SourceQuality "1"]

1. d4 d5 2. c4 c6 3. Nc3 Nf6 4. e3 dxc4 5. Bxc4 Bf5 6. Qb3 Qc8 7. Bxf7+ Kd7 8. Bc4 b5 9. Be2 c5 10. Bxb5+ Kd6 11. e4 c4 12. Bf4+ Ke6 13. Bxc4+ Kd7 14. exf5 Nc6 15. Be6+ 1-0

[Event "BRA-ch Amateur U1600"]
[Site "Sao Paulo"]
[Date "2022.06.17"]
[Round "4"]
[White "Piekarski, Leonidas Wiecheteck"]
[Black "Crismanis Teles, Jose Henrique"]
[Result "0-1"]
[WhiteElo "1706"]
[BlackElo "1163"]
[PlyCount "66"]
[EventDate "2022.06.16"]
[EventType "swiss"]
[EventRounds "7"]
[EventCountry "BRA"]
[SourceTitle "CBM 208 Extra"]
[Source "ChessBase"]
[SourceDate "2022.07.31"]
[SourceVersion "1"]
[SourceVersionDate "2022.07.31"]
[SourceQuality "1"]

1. e4 c5 2. c3 d6 3. Nf3 Nf6 4. d4 cxd4 5. cxd4 Nxe4 6. Nc3 Nf6 7. Be3 a6 8. Be2 e6 9. 0-0 Be7 10. h3 0-0 11. Rc1 b5 12. a3 Bb7 13. Qd2 Nc6 14. Rfd1 Na5 15. Qc2 Rc8 16. Bd2 h6 17. b4 Nc4 18. Bxc4 bxc4 19. Ne4 Bxe4 20. Qc3 Bxf3 21. Qxf3 d5 22. Re1 Ne4 23. Red1 Nxd2 24. Rxd2 Bg5 25. Rcc2 Bxd2 26. Rxd2 c3 27. Re2 c2 28. Qg4 c1Q+ 29. Kh2 Qd6+ 30. f4 Qdxf4+ 31. Qxf4 Qxf4+ 32. Kg1 Rc1+ 33. Re1 Rxe1# 0-1